Phỏng vấn người Sài Gòn; T1

Kaydedildi:
Detaylı Bibliyografya
Yazar: Phan Hoàng
Materyal Türü: Kitap
Dil:Undetermined
Baskı/Yayın Bilgisi: Tp. HCM. Trẻ 1998
Konular:
Etiketler: Etiketle
Etiket eklenmemiş, İlk siz ekleyin!
Thư viện lưu trữ: Trung tâm Học liệu Trường Đại học Cần Thơ
LEADER 00505nam a2200193Ia 4500
001 CTU_53396
008 210402s9999 xx 000 0 und d
020 |b 14000 
082 |a 959.7092 
082 |b H407/T1 
100 |a Phan Hoàng 
245 0 |a Phỏng vấn người Sài Gòn; T1 
245 0 |c Phan Hoàng 
260 |a Tp. HCM. 
260 |b Trẻ 
260 |c 1998 
650 |a names, personal,vietnam 
650 |x history 
980 |a Trung tâm Học liệu Trường Đại học Cần Thơ